UK Firefighter Equipment and Vehicles - Statistics

General Stats
  • This quiz has been taken 12 times
  • The average score is 3 of 16
Answer Stats
Hint Answer % Correct
Medical piece of equipment which uses an electric shock to restart someone's heart Defibrillator
44%
Basic fire appliance Pump / Pumping Appliance
44%
Black or yellow hoses seen on fire engines, used in smaller fires that require less water Hose Reel
33%
Equipment firefighters wear when dealing with incidents where there is smoke or chemical fumes Breathing Apparatus Set / BA
22%
Red and white striped tape Do Not Cross Tape / Tape
22%
Basic equipment for on-scene operations, like a pitchfork, spade and broom Jafco Tools / Tools
22%
Equipment for cutting people out of RTCs, with a cutting force of 95 tonnes Cutters
11%
Vehicle for firefighters to train on Driver Training Vehicle / DTV
11%
Worn over firefighter's personal protective clothing to prevent contact with harmful substances Gas Tight Suit
11%
Pumps large quantities of water at an incident High Volume Pump / HVP
11%
More powerful hoses for larger volumes of water Hose Jet
11%
Car (often unmarked) with blue lights and sirens fitted for officers in the fire service Officer Car / Fire Officer's Car
11%
Worn by firefighters if they are working near, in or on water Personal Floatation Device / PFD
11%
Equipment used to fight a fire, and can be turned on to assist in clearing smoke from a property following a fire Positive Pressure Ventilation Fan
11%
Fire appliance with a longer ladder for high-rise fires Turntable Ladder / Aerial Platform
11%
Appliance which contains a high volume of water for large fires, or incidents where a lot of water is required Water Carrier / WC
11%
No matching quizzes found
Score Distribution
Percent of People with Each Score
Percentile by Number Answered
Your Score History
You have not taken this quiz